[Event "Ostravsky konik 2010 MCR Open"]
[Site "Ostrava"]
[Date "2010.05.05"]
[Round "5.1"]
[White "Navara, David"]
[Black "Orsag, Milan"]
[Result "1-0"]
[WhiteElo "2718"]
[BlackElo "2419"]
[Annotator "www.nss.cz"]
[PlyCount "73"]
[EventDate "2010.05.09"]
[EventType "swiss"]
[EventCountry "CZE"]

1. e4 c5 2. Nf3 e6 3. d4 cxd4 4. Nxd4 Nf6 5. Nc3 d6 6. g4 h6 7. Bg2 a6 8. h3 g5
9. Be3 Nbd7 10. Qe2 Ne5 11. f4 gxf4 12. Bxf4 Bd7 13. Nf3 Qc7 14. O-O-O O-O-O
15. Nxe5 dxe5 16. Be3 Be7 17. Qf2 Rdg8 18. Rd3 Kb8 19. Rhd1 Bc6 20. Nd5 exd5
21. exd5 Nxd5 22. Bxd5 Bg5 23. Bxc6 Qxc6 24. Qxf7 Rc8 25. Qf2 Rhf8 26. Qd2 Bxe3
27. Rxe3 Rfd8 28. Rd3 Rxd3 29. Qxd3 Qg2 30. Re1 Qh2 31. b3 Ka8 32. Kb2 Qf4 33.
Qe3 Qb4 34. a3 Qc5 35. Qxc5 Rxc5 36. b4 Rd5 37. Re3 1-0

[Event "Ostravsky konik 2010 MCR Open"]
[Site "Ostrava"]
[Date "2010.05.05"]
[Round "5.2"]
[White "Simacek, Pavel"]
[Black "Polak, Tomas"]
[Result "1/2-1/2"]
[WhiteElo "2518"]
[BlackElo "2525"]
[Annotator "www.nss.cz"]
[PlyCount "59"]
[EventDate "2010.05.09"]
[EventType "swiss"]
[EventCountry "CZE"]

1. e4 c6 2. d4 d5 3. exd5 cxd5 4. c4 Nf6 5. Nc3 e6 6. Nf3 Bb4 7. cxd5 Nxd5 8.
Bd2 Nc6 9. Bd3 O-O 10. a3 Be7 11. O-O Bf6 12. Qc2 h6 13. Rad1 Bxd4 14. Bh7+ Kh8
15. Be4 Bxc3 16. Bxc3 Nce7 17. Qd2 Kg8 18. Bb4 a5 19. Bxe7 Qxe7 20. Bxd5 exd5
21. Qxd5 Be6 22. Qe5 Rfd8 23. Rd4 Ra6 24. Rc1 Rxd4 25. Nxd4 Qd8 26. h3 Rd6 27.
Nf5 Bxf5 28. Qxf5 Rd1+ 29. Rxd1 Qxd1+ 30. Kh2 1/2-1/2

[Event "Ostravsky konik 2010 MCR Open"]
[Site "Ostrava"]
[Date "2010.05.05"]
[Round "5.3"]
[White "Velicka, Petr"]
[Black "Hracek, Zbynek"]
[Result "1/2-1/2"]
[WhiteElo "2479"]
[BlackElo "2632"]
[Annotator "www.nss.cz"]
[PlyCount "93"]
[EventDate "2010.05.09"]
[EventType "swiss"]
[EventCountry "CZE"]

1. Nf3 d5 2. d4 e6 3. c4 dxc4 4. e3 b5 5. a4 c6 6. axb5 cxb5 7. b3 Bb4+ 8. Bd2
Bxd2+ 9. Nfxd2 Ne7 10. bxc4 b4 11. Bd3 a5 12. O-O O-O 13. Ne4 Nd7 14. Nbd2 f5
15. Nd6 Ba6 16. e4 Nb6 17. Rxa5 Qxd6 18. c5 Qxd4 19. Bxa6 Nc6 20. Ra1 Qxc5 21.
Rc1 Qd4 22. Rxc6 Rxa6 23. Rxe6 Ra3 24. exf5 Nd5 25. Nb1 Rd3 26. Qe1 Qf4 27. Re8
Qxf5 28. Rxf8+ Kxf8 29. g3 h5 30. Qe2 Qf3 31. Qxf3+ Rxf3 32. Rd1 Nf6 33. Rd4
Rb3 34. Nd2 Rb2 35. Kg2 Ke7 36. h3 g5 37. Nc4 Rb1 38. Ne5 Ke6 39. Nf3 g4 40.
hxg4 hxg4 41. Nh2 b3 42. Nxg4 b2 43. Nxf6 Rg1+ 44. Kxg1 b1=Q+ 45. Kg2 Kxf6 46.
Rf4+ Ke5 47. Rh4 1/2-1/2

[Event "Ostravsky konik 2010 MCR Open"]
[Site "Ostrava"]
[Date "2010.05.05"]
[Round "5.4"]
[White "Stocek, Jiri"]
[Black "Volosin, Leonid"]
[Result "1/2-1/2"]
[WhiteElo "2593"]
[BlackElo "2452"]
[Annotator "www.nss.cz"]
[PlyCount "74"]
[EventDate "2010.05.09"]
[EventType "swiss"]
[EventCountry "CZE"]

1. d4 Nf6 2. c4 e6 3. Nc3 d5 4. Nf3 c5 5. cxd5 Nxd5 6. e4 Nxc3 7. bxc3 cxd4 8.
cxd4 Bb4+ 9. Bd2 Bxd2+ 10. Qxd2 O-O 11. Rd1 b6 12. h4 Qe7 13. Bd3 Ba6 14. Bxa6
Nxa6 15. O-O Rac8 16. d5 exd5 17. exd5 Qd6 18. Rfe1 Rfe8 19. Rxe8+ Rxe8 20. Qc2
Nc5 21. h5 g6 22. g3 Rd8 23. Nh2 Re8 24. hxg6 hxg6 25. Kg2 Kg7 26. Ng4 Rh8 27.
Qc3+ f6 28. Qd4 Kf7 29. Re1 Rh5 30. Re6 Qxd5+ 31. Qxd5 Rxd5 32. Rxf6+ Kg7 33.
Rc6 g5 34. Ne3 Rd2 35. Rc7+ Rd7 36. Rxd7+ Nxd7 37. f4 gxf4 1/2-1/2

[Event "Ostravsky konik 2010 MCR Open"]
[Site "Ostrava"]
[Date "2010.05.05"]
[Round "5.5"]
[White "Babula, Vlastimil"]
[Black "Vokac, Marek"]
[Result "1/2-1/2"]
[WhiteElo "2536"]
[BlackElo "2454"]
[Annotator "www.nss.cz"]
[PlyCount "49"]
[EventDate "2010.05.09"]
[EventType "swiss"]
[EventCountry "CZE"]

1. d4 d5 2. Nf3 Nf6 3. c4 e6 4. Nc3 Be7 5. Bg5 O-O 6. e3 h6 7. Bh4 b6 8. Bd3
Bb7 9. O-O Nbd7 10. Qe2 Ne4 11. Bg3 c5 12. cxd5 exd5 13. Rad1 Bf6 14. Bxe4 dxe4
15. Ne5 cxd4 16. exd4 Bxe5 17. dxe5 Qe7 18. Nxe4 Nxe5 19. Rfe1 Rfe8 20. Nc3 Ng6
21. Qxe7 Nxe7 22. Rd7 Nf5 23. f3 Rxe1+ 24. Bxe1 Re8 25. Kf2 1/2-1/2

[Event "Ostravsky konik 2010 MCR Open"]
[Site "Ostrava"]
[Date "2010.05.05"]
[Round "5.6"]
[White "Petr, Martin"]
[Black "Biolek, Richard ml"]
[Result "1-0"]
[WhiteElo "2511"]
[BlackElo "2405"]
[Annotator "www.nss.cz"]
[PlyCount "81"]
[EventDate "2010.05.09"]
[EventType "swiss"]
[EventCountry "CZE"]

1. d4 Nc6 2. Nf3 d5 3. Bf4 Bg4 4. e3 a6 5. Nbd2 e6 6. c3 Bd6 7. Bd3 Nge7 8. Qc2
Bf5 9. Bxf5 Nxf5 10. Bxd6 Nxd6 11. e4 Nxe4 12. Nxe4 dxe4 13. Qxe4 Qd5 14. Qf4
Qc4 15. Qxc7 O-O 16. Qb6 Qd3 17. Rd1 Qe4+ 18. Kf1 Rad8 19. Re1 Qd3+ 20. Kg1 Rd5
21. Qxb7 Na5 22. Qc7 Nc4 23. h3 Nxb2 24. Kh2 Na4 25. c4 Rf5 26. Qc6 Nb2 27. c5
Qc4 28. Rc1 Qe2 29. Rce1 Qxf2 30. Qe4 Na4 31. Re2 Nc3 32. Rxf2 Nxe4 33. Rb2 Nc3
34. Rc1 Nb5 35. a4 Nc7 36. Rb6 Rc8 37. Rc6 f6 38. Nd2 Kf8 39. Nc4 Ke7 40. Nb6
Kd8 41. Rd6+ 1-0

[Event "Ostravsky konik 2010 MCR Open"]
[Site "Ostrava"]
[Date "2010.05.05"]
[Round "5.7"]
[White "Konopka, Michal"]
[Black "Cvek, Robert"]
[Result "1/2-1/2"]
[WhiteElo "2458"]
[BlackElo "2495"]
[Annotator "www.nss.cz"]
[PlyCount "42"]
[EventDate "2010.05.09"]
[EventType "swiss"]
[EventCountry "CZE"]

1. Nf3 c5 2. c4 Nc6 3. Nc3 g6 4. g3 Bg7 5. Bg2 e5 6. O-O Nge7 7. Ne1 O-O 8. Nc2
d6 9. a3 Be6 10. Ne3 Qd7 11. Rb1 Bh3 12. b4 Bxg2 13. Kxg2 b6 14. d3 f5 15. b5
Nd4 16. Ned5 Nxd5 17. Nxd5 f4 18. f3 Ne6 19. e4 Nc7 20. Nxc7 Qxc7 21. g4 a6
1/2-1/2

[Event "Ostravsky konik 2010 MCR Open"]
[Site "Ostrava"]
[Date "2010.05.05"]
[Round "5.8"]
[White "Bernasek, Jan"]
[Black "Mudrak, Josef"]
[Result "1-0"]
[WhiteElo "2495"]
[BlackElo "2368"]
[Annotator "www.nss.cz"]
[PlyCount "88"]
[EventDate "2010.05.09"]
[EventType "swiss"]
[EventCountry "CZE"]

1. d4 Nf6 2. c4 e6 3. Nc3 Bb4 4. e3 O-O 5. Nge2 b6 6. a3 Be7 7. g3 Bb7 8. d5 b5
9. b3 b4 10. axb4 Bxb4 11. Bg2 a5 12. O-O e5 13. Bb2 d6 14. h3 Na6 15. e4 Bc8
16. f4 Bd7 17. Kh2 Qe7 18. fxe5 dxe5 19. Qc2 Rfb8 20. Na4 Ne8 21. g4 Bd6 22.
Ng3 g6 23. Rf3 Nc5 24. Nxc5 Bxc5 25. Bc3 Ra6 26. Raf1 f6 27. Ra1 Rba8 28. Qd2
Bb4 29. Nh1 c5 30. dxc6 Bxc6 31. Nf2 Bxc3 32. Qxc3 Ng7 33. g5 f5 34. Rd3 Qxg5
35. Qxe5 Re8 36. Qg3 Qf6 37. Rad1 f4 38. Qf3 Ba8 39. Ng4 Qg5 40. Rd7 Rae6 41.
Qc3 Nh5 42. R1d5 Bxd5 43. Rxd5 h6 44. Rxg5 hxg5 1-0

[Event "Ostravsky konik 2010 MCR Open"]
[Site "Ostrava"]
[Date "2010.05.05"]
[Round "5.9"]
[White "Krejci, Jan ml"]
[Black "Kanovsky, David"]
[Result "1/2-1/2"]
[WhiteElo "2455"]
[BlackElo "2489"]
[Annotator "www.nss.cz"]
[PlyCount "48"]
[EventDate "2010.05.09"]
[EventType "swiss"]
[EventCountry "CZE"]

1. d4 Nf6 2. c4 g6 3. Nc3 Bg7 4. e4 d6 5. f4 O-O 6. Nf3 c5 7. dxc5 Qa5 8. Bd3
Qxc5 9. Qe2 Nc6 10. Be3 Qh5 11. h3 Bg4 12. O-O Bxf3 13. Rxf3 Nd7 14. Qf2 Qa5
15. Rc1 Rac8 16. Bb1 Rfe8 17. Kh1 Qb4 18. Nd1 a5 19. a3 Qa4 20. Ba2 Nb4 21. Bb1
Nc6 22. Ba2 Nb4 23. Bb1 Nc6 24. Ba2 Ndb8 1/2-1/2

[Event "Ostravsky konik 2010 MCR Open"]
[Site "Ostrava"]
[Date "2010.05.05"]
[Round "5.11"]
[White "Turner, Jan"]
[Black "Votava, Jan"]
[Result "1/2-1/2"]
[WhiteElo "2324"]
[BlackElo "2587"]
[Annotator "www.nss.cz"]
[PlyCount "40"]
[EventDate "2010.05.09"]
[EventType "swiss"]
[EventCountry "CZE"]

1. d4 Nf6 2. Nf3 e6 3. e3 b6 4. Bd3 Bb7 5. Nbd2 c5 6. O-O d6 7. c3 Be7 8. e4
O-O 9. Qe2 cxd4 10. cxd4 Nc6 11. a3 Rc8 12. b4 Kh8 13. Bb2 d5 14. e5 Ng8 15.
Ne1 f5 16. exf6 Bxf6 17. Nef3 Qd6 18. Rfe1 Rce8 19. b5 Na5 20. Ne5 Nh6 1/2-1/2

[Event "Ostravsky konik 2010 MCR Open"]
[Site "Ostrava"]
[Date "2010.05.05"]
[Round "5.12"]
[White "Haba, Petr"]
[Black "Skliba, Martin"]
[Result "1-0"]
[WhiteElo "2513"]
[BlackElo "2309"]
[Annotator "www.nss.cz"]
[PlyCount "85"]
[EventDate "2010.05.09"]
[EventType "swiss"]
[EventCountry "CZE"]

1. e4 c5 2. Nf3 d6 3. d4 cxd4 4. Nxd4 Nf6 5. Nc3 Nc6 6. Bg5 e6 7. Qd2 a6 8.
O-O-O Bd7 9. f4 b5 10. Bxf6 gxf6 11. Kb1 Qb6 12. Nxc6 Bxc6 13. f5 b4 14. Ne2 e5
15. Ng3 h5 16. h4 Bh6 17. Qxd6 Rd8 18. Qxd8+ Qxd8 19. Rxd8+ Kxd8 20. Nxh5 Ke7
21. Bd3 Be3 22. Ng3 Bf2 23. Nf1 Rxh4 24. Rxh4 Bxh4 25. g3 Bg5 26. c3 bxc3 27.
b3 a5 28. Kc2 Kd6 29. Kxc3 Kc5 30. a3 Bc1 31. b4+ Kb6 32. Nd2 axb4+ 33. axb4
Bxd2+ 34. Kxd2 Bb7 35. Ke3 Bc6 36. Bc4 Be8 37. Kf3 Ba4 38. g4 Bd1+ 39. Kg3 Bc2
40. Bd5 Kb5 41. Kh4 Kxb4 42. g5 fxg5+ 43. Kxg5 1-0

[Event "Ostravsky konik 2010 MCR Open"]
[Site "Ostrava"]
[Date "2010.05.05"]
[Round "5.15"]
[White "Plat, Vojtech"]
[Black "Nemcova, Katerina"]
[Result "1-0"]
[WhiteElo "2401"]
[BlackElo "2247"]
[Annotator "www.nss.cz"]
[PlyCount "79"]
[EventDate "2010.05.09"]
[EventType "swiss"]
[EventCountry "CZE"]

1. Nf3 Nf6 2. c4 g6 3. Nc3 Bg7 4. g3 O-O 5. Bg2 d6 6. O-O Nc6 7. d4 a6 8. b3
Rb8 9. e3 b5 10. Nd2 Na5 11. cxb5 axb5 12. b4 Nc4 13. Qe2 Be6 14. e4 Nd7 15.
Nb3 c5 16. bxc5 dxc5 17. Rd1 Qb6 18. Nd5 Bxd5 19. exd5 cxd4 20. Qxe7 Rbd8 21.
Rb1 Bf6 22. Qb4 Rfe8 23. a4 bxa4 24. Qxa4 Nde5 25. Nd2 Qc7 26. Ne4 Bg7 27. Bf4
Qd7 28. Qxd7 Nxd7 29. Rb4 Rc8 30. Bh3 f5 31. Ng5 Nce5 32. Ne6 d3 33. Bf1 d2 34.
Kg2 Bf6 35. Rxd2 Nf7 36. Rb7 Bc3 37. Rxd7 Bxd2 38. Bxd2 Rc2 39. Bf4 Ra8 40. Rb7
1-0

[Event "Ostravsky konik 2010 MCR Open"]
[Site "Ostrava"]
[Date "2010.05.05"]
[Round "5.16"]
[White "Zpevak, Pavel"]
[Black "Seidl, Stepan"]
[Result "1-0"]
[WhiteElo "2401"]
[BlackElo "2052"]
[Annotator "www.nss.cz"]
[PlyCount "97"]
[EventDate "2010.05.09"]
[EventType "swiss"]
[EventCountry "CZE"]

1. d4 Nf6 2. Nf3 g6 3. c4 Bg7 4. Nc3 d5 5. cxd5 Nxd5 6. g3 O-O 7. Bg2 c6 8. O-O
Nd7 9. e4 Nxc3 10. bxc3 Qa5 11. Qb3 Nb6 12. Bg5 Re8 13. Bf4 Be6 14. Qb2 Bc4 15.
Rfe1 Rad8 16. Nd2 e5 17. dxe5 Rd7 18. Bh3 Rde7 19. Be3 Bd3 20. f4 Na4 21. Qb4
Qa6 22. c4 Bf8 23. Qb3 Rd8 24. Rac1 b6 25. e6 f5 26. Bf2 Nc5 27. Bxc5 bxc5 28.
exf5 Bxf5 29. Bxf5 Rxd2 30. Bb1 Qc8 31. f5 gxf5 32. Qe3 Qd8 33. Qg5+ Bg7 34.
Qxf5 Qd4+ 35. Kh1 Rf2 36. Qxh7+ Kf8 37. Rcd1 Rxe6 38. Be4 Qf6 39. Bg2 Rxe1+ 40.
Rxe1 Qc3 41. Qe4 Bf6 42. Qe8+ Kg7 43. Qd7+ Kh6 44. Qh3+ Kg7 45. Qg4+ Kh6 46.
Rd1 Bd4 47. Be4 Rf6 48. Rb1 Be5 49. Qh4+ 1-0

[Event "Ostravsky konik 2010 MCR Open"]
[Site "Ostrava"]
[Date "2010.05.05"]
[Round "5.17"]
[White "Ponizil, Cyril"]
[Black "Zwardon, Vojtech"]
[Result "1/2-1/2"]
[WhiteElo "2392"]
[BlackElo "2205"]
[Annotator "www.nss.cz"]
[PlyCount "138"]
[EventDate "2010.05.09"]
[EventType "swiss"]
[EventCountry "CZE"]

1. Nf3 f5 2. d3 d6 3. e4 e5 4. Nc3 Nc6 5. exf5 Bxf5 6. d4 Nxd4 7. Nxd4 exd4 8.
Qxd4 Qf6 9. Qa4+ Bd7 10. Bb5 c6 11. Be2 d5 12. Be3 Bd6 13. Bh5+ g6 14. Bg4 Bxg4
15. Qxg4 Ne7 16. Bd4 Be5 17. Bxe5 Qxe5+ 18. Qe2 Qxe2+ 19. Nxe2 Kd7 20. O-O-O
Rae8 21. Nd4 Nf5 22. Nxf5 gxf5 23. Rhe1 Rhg8 24. g3 h5 25. Kd2 Re4 26. f3 Ra4
27. b3 Rxa2 28. Re5 Rf8 29. Rde1 Rf7 30. Re8 f4 31. g4 hxg4 32. fxg4 Rh7 33.
R8e2 a5 34. Rf1 a4 35. bxa4 Rxa4 36. Rf3 Re4 37. Rxe4 dxe4 38. Rxf4 Rxh2+ 39.
Kc3 Rh3+ 40. Kd4 e3 41. Re4 Rg3 42. Rxe3 Rxg4+ 43. Kc3 Kd6 44. Kb2 Kc5 45. Re5+
Kb4 46. Re3 b5 47. Rb3+ Ka5 48. Rf3 c5 49. Rf2 Kb4 50. Rf3 Rg2 51. Rb3+ Ka5 52.
Ra3+ Kb6 53. Rf3 c4 54. Rh3 b4 55. Kb1 Kc5 56. Rh4 Kd5 57. Kc1 Re2 58. Kb1 Re4
59. Rh3 Kd4 60. Kb2 Rg4 61. c3+ bxc3+ 62. Kc2 Rg2+ 63. Kc1 Re2 64. Rh8 c2 65.
Rh3 Kc5 66. Rh5+ Kb4 67. Rh3 c3 68. Rh4+ Kb3 69. Rb4+ Kxb4 1/2-1/2

[Event "Ostravsky konik 2010 MCR Open"]
[Site "Ostrava"]
[Date "2010.05.05"]
[Round "5.18"]
[White "Havlikova, Kristyna"]
[Black "Freisler, Pavel"]
[Result "1/2-1/2"]
[WhiteElo "2251"]
[BlackElo "2328"]
[Annotator "www.nss.cz"]
[PlyCount "144"]
[EventDate "2010.05.09"]
[EventType "swiss"]
[EventCountry "CZE"]

1. e4 Nf6 2. e5 Nd5 3. d4 d6 4. c4 Nb6 5. exd6 exd6 6. Nc3 Be7 7. Bd3 Nc6 8.
Nge2 O-O 9. O-O Bf6 10. Be3 Re8 11. b3 Bg4 12. Qd2 d5 13. c5 Nc8 14. f3 Bh5 15.
Bb5 Bg6 16. Rad1 N8e7 17. Ng3 Nf5 18. Nxf5 Bxf5 19. Rfe1 h6 20. Bxc6 bxc6 21.
Bf2 Rxe1+ 22. Rxe1 Qb8 23. g4 Bd7 24. Ne2 a5 25. Bg3 Qb4 26. Rd1 Qxd2 27. Rxd2
Ra7 28. Nc3 g5 29. Kf2 Bg7 30. h4 f5 31. hxg5 hxg5 32. gxf5 Bxf5 33. Ke3 Kf7
34. Rh2 Rb7 35. Rh1 Ke6 36. Rh2 Kd7 37. Rd2 Rb8 38. Kf2 Rf8 39. Kg2 Bg6 40. Nd1
g4 41. fxg4 Be4+ 42. Kg1 Rf3 43. Kh2 Bh6 44. Rf2 Rd3 45. Nb2 Rxd4 46. Be5 Rd2
47. Kg3 Rxf2 48. Kxf2 Bb1 49. a3 Bc2 50. Bc3 Bxb3 51. Bxa5 d4 52. Nd3 Bd1 53.
Ke1 Ba4 54. Bd2 Bf8 55. Bf4 Bb5 56. Kd2 Ke6 57. Bxc7 Kd5 58. g5 Ke4 59. Bd6 Bg7
60. Nb2 d3 61. a4 Ba6 62. Nd1 Bd4 63. Be7 Kf5 64. Ne3+ Kg6 65. Ng2 Be5 66. Bd6
Bb2 67. Nf4+ Kxg5 68. Nxd3 Ba3 69. Kc3 Kf5 70. Kd4 Ke6 71. Nf4+ Kd7 72. Kc3 Bc1
1/2-1/2

[Event "Ostravsky konik 2010 MCR Open"]
[Site "Ostrava"]
[Date "2010.05.05"]
[Round "5.19"]
[White "Blatny, Pavel"]
[Black "Cizinsky, Petr"]
[Result "1-0"]
[WhiteElo "2409"]
[BlackElo "2124"]
[Annotator "www.nss.cz"]
[PlyCount "79"]
[EventDate "2010.05.09"]
[EventType "swiss"]
[EventCountry "CZE"]

1. d4 g6 2. Nf3 Bg7 3. Bf4 c5 4. e3 cxd4 5. exd4 Nf6 6. Nc3 O-O 7. Qd2 Qb6 8.
O-O-O d6 9. Bh6 Nc6 10. h3 Bf5 11. Bxg7 Kxg7 12. Nh4 Bd7 13. g4 Qa5 14. d5 Nb4
15. a3 Nbxd5 16. g5 Nxc3 17. gxf6+ exf6 18. Ng2 Rac8 19. Ne3 Bc6 20. Rg1 Bf3
21. Nc4 Qa4 22. Re1 Nb5 23. b3 Qa6 24. a4 Rc5 25. Ne3 Rfc8 26. Kb2 Bc6 27. Bd3
Qb6 28. axb5 Bxb5 29. Nf5+ Kh8 30. Ne7 R8c7 31. Qf4 d5 32. Qh6 Rxc2+ 33. Bxc2
Rxc2+ 34. Kxc2 Qc5+ 35. Kd1 Qd4+ 36. Qd2 Qa1+ 37. Kc2 Qa2+ 38. Kc3 Qa5+ 39. b4
Qa3+ 40. Kd4 1-0

[Event "Ostravsky konik 2010 MCR Open"]
[Site "Ostrava"]
[Date "2010.05.05"]
[Round "5.20"]
[White "Ramík, Zdenìk"]
[Black "Èernoušek, Lukáš"]
[Result "0-1"]
[WhiteElo "2267"]
[BlackElo "2408"]
[PlyCount "68"]
[EventDate "2010.05.09"]
[EventType "swiss"]
[EventCountry "CZE"]

1. e4 c5 2. Nc3 Nc6 3. g3 g6 4. Bg2 Bg7 5. d3 Rb8 6. Be3 b5 7. Qd2 b4 8. Nd1 d6
9. Nf3 Nd4 10. O-O e5 11. Ne1 Ne7 12. Bh6 O-O 13. Bxg7 Kxg7 14. Ne3 f5 15. c3
bxc3 16. bxc3 Ne6 17. exf5 gxf5 18. f4 exf4 19. gxf4 Kh8 20. d4 cxd4 21. cxd4
Ng6 22. Nd5 Rg8 23. Nf3 Bb7 24. Ng5 Nxg5 25. fxg5 Nh4 26. Nf6 Bxg2 27. Nxg8
Bxf1 28. Rxf1 Qxg8 29. Qf4 Ng6 30. Qxf5 Rf8 31. Qe4 Rxf1+ 32. Kxf1 Qxa2 33. h4
Qf7+ 34. Kg1 Qe7 0-1

[Event "Ostravsky konik 2010 MCR Open"]
[Site "Ostrava"]
[Date "2010.05.05"]
[Round "5.21"]
[White "Pacl, Václav"]
[Black "Lechtýnský, Jirí"]
[Result "1-0"]
[WhiteElo "2263"]
[BlackElo "2396"]
[PlyCount "97"]
[EventDate "2010.05.09"]
[EventType "swiss"]
[EventCountry "CZE"]

1. e4 c5 2. Nc3 a6 3. g3 Nc6 4. Bg2 g6 5. d3 Bg7 6. Be3 d6 7. Qd2 Rb8 8. f4 Nf6
9. Nf3 Bg4 10. O-O O-O 11. Nh4 Bd7 12. h3 b5 13. a3 Ne8 14. f5 Nd4 15. Rf2 Bc6
16. Raf1 Nf6 17. Bh6 b4 18. axb4 cxb4 19. Nd1 Qa5 20. Qg5 Qe5 21. Bxg7 Kxg7 22.
c3 bxc3 23. bxc3 Nb3 24. d4 Qb5 25. e5 Bxg2 26. fxg6 fxg6 27. exf6+ Rxf6 28.
Qxb5 axb5 29. Nxg2 Rxf2 30. Rxf2 b4 31. Rb2 bxc3 32. Nxc3 Rb7 33. Ne3 Nc5 34.
Rxb7 Nxb7 35. Kf2 e6 36. Nc4 Kf6 37. Ke3 d5 38. Ne5 Nd6 39. Ne2 Nf5+ 40. Kd3 h5
41. Nf3 g5 42. g4 hxg4 43. hxg4 Nd6 44. Ne5 Ne4 45. Ng1 Ke7 46. Ngf3 Kf6 47.
Kc2 Ke7 48. Kb3 Kf6 49. Kb4 1-0

[Event "Ostravsky konik 2010 MCR Open"]
[Site "Ostrava"]
[Date "2010.05.05"]
[Round "5.22"]
[White "Kriebel, Tadeáš"]
[Black "Michenka, Jozef"]
[Result "1-0"]
[WhiteElo "2265"]
[BlackElo "2390"]
[PlyCount "117"]
[EventDate "2010.05.09"]
[EventType "swiss"]
[EventCountry "CZE"]

1. e4 c5 2. Nf3 d6 3. d4 cxd4 4. Nxd4 Nf6 5. Nc3 a6 6. Bg5 e6 7. f4 Qb6 8. Qd2
Qxb2 9. Rb1 Qa3 10. f5 Nc6 11. fxe6 fxe6 12. Nxc6 bxc6 13. e5 dxe5 14. Bxf6
gxf6 15. Ne4 Be7 16. Be2 O-O 17. Rb3 Qa4 18. Rg3+ Kh8 19. Qh6 Rf7 20. Qh5 Ra7
21. Bd3 f5 22. O-O Bd8 23. Kh1 Qb4 24. Ng5 Rf8 25. Qh6 Bf6 26. c3 Bxg5 27. Qxg5
Qxc3 28. Bxa6 Bxa6 29. Rxc3 Bxf1 30. Qe3 Rg7 31. g3 e4 32. Qf4 Bb5 33. Kg1 Rd8
34. Kf2 Kg8 35. Ke3 Rgd7 36. Qg5+ Kf7 37. Qh5+ Kf6 38. Qh6+ Ke5 39. Rc5+ Rd5
40. Qg7+ Kd6 41. Rxd5+ exd5 42. Qf6+ Kc7 43. Qe5+ Kb6 44. Qd4+ Kc7 45. a4 Bc4
46. a5 Rb8 47. Qe5+ Kb7 48. Kd4 Bb5 49. Qxf5 Ka6 50. Qxh7 Rb7 51. Qh8 Kxa5 52.
Kc5 Ra7 53. g4 Ka6 54. Qb8 Rb7 55. Qe5 Ba4 56. Qd4 Rb5+ 57. Kd6 Ka5 58. g5 Rb8
59. Qa7+ 1-0

[Event "Ostravsky konik 2010 MCR Open"]
[Site "Ostrava"]
[Date "2010.05.05"]
[Round "5.23"]
[White "Vyskoèil, Neklan"]
[Black "Adámek, Jiøí"]
[Result "1/2-1/2"]
[WhiteElo "2390"]
[BlackElo "2254"]
[PlyCount "38"]
[EventDate "2010.05.09"]
[EventType "swiss"]
[EventCountry "CZE"]

1. c4 Nf6 2. Nc3 c6 3. e4 e5 4. Nf3 d6 5. d4 Nbd7 6. g3 Be7 7. Bg2 O-O 8. O-O
Re8 9. h3 Bf8 10. Qc2 Rb8 11. Be3 a6 12. Rfd1 Qc7 13. Rac1 g6 14. b3 b6 15. b4
Bb7 16. c5 exd4 17. Bxd4 dxc5 18. bxc5 Bxc5 19. Bxf6 Nxf6 1/2-1/2

[Event "Ostravsky konik 2010 MCR Open"]
[Site "Ostrava"]
[Date "2010.05.05"]
[Round "5.24"]
[White "Nun, Jiøí"]
[Black "Novotný, Michal"]
[Result "1-0"]
[WhiteElo "2361"]
[BlackElo "2250"]
[PlyCount "67"]
[EventDate "2010.05.09"]
[EventType "swiss"]
[EventCountry "CZE"]

1. e4 e6 2. d3 b6 3. g3 Bb7 4. Bg2 d6 5. f4 f5 6. Qe2 Nd7 7. exf5 Bxg2 8. Qxg2
exf5 9. Nf3 Qe7+ 10. Kd1 O-O-O 11. Nc3 Qf7 12. a4 d5 13. a5 Ngf6 14. axb6 axb6
15. Nb5 Nb8 16. Bd2 Bc5 17. Ra7 Rd7 18. Ne5 Qh5+ 19. Kc1 Re7 20. d4 Qe8 21. Qf1
Bd6 22. Qd3 Ne4 23. Qb3 Bxe5 24. dxe5 c6 25. Nd6+ Nxd6 26. Rxe7 Qxe7 27. exd6
Qxd6 28. Qxb6 Qc7 29. Qe3 Rd8 30. Re1 g6 31. Qa3 Qb6 32. Ba5 Qf2 33. Qb4 Na6
34. Qe7 1-0

[Event "Ostravsky konik 2010 MCR Open"]
[Site "Ostrava"]
[Date "2010.05.05"]
[Round "5.27"]
[White "Firt, Stanislav"]
[Black "Malík, Jan"]
[Result "1/2-1/2"]
[WhiteElo "2331"]
[BlackElo "2232"]
[PlyCount "30"]
[EventDate "2010.05.09"]
[EventType "swiss"]
[EventCountry "CZE"]

1. e4 c5 2. Nc3 d6 3. Nf3 Nf6 4. d4 cxd4 5. Nxd4 a6 6. Be3 e5 7. Nf3 Be7 8. a4
O-O 9. Bc4 Be6 10. Bb3 Bxb3 11. cxb3 Nc6 12. O-O Rc8 13. Qe2 d5 14. exd5 Nxd5
15. Rfd1 Nxc3 1/2-1/2

[Event "Ostravsky konik 2010 MCR Open"]
[Site "Ostrava"]
[Date "2010.05.05"]
[Round "5.28"]
[White "Cedíková, Katerina"]
[Black "Jedlicka, Aleš"]
[Result "1-0"]
[WhiteElo "2195"]
[BlackElo "2293"]
[PlyCount "79"]
[EventDate "2010.05.09"]
[EventType "swiss"]
[EventCountry "CZE"]

1. d4 Nf6 2. c4 g6 3. Nc3 Bg7 4. e4 O-O 5. f3 d6 6. Be3 c5 7. d5 e6 8. Nge2
exd5 9. cxd5 a6 10. a4 h5 11. Nc1 Nbd7 12. Be2 Nh7 13. O-O Re8 14. Nd3 f5 15.
Nf4 Ndf8 16. Bd3 Nf6 17. Qd2 g5 18. Nfe2 f4 19. Bf2 h4 20. g3 hxg3 21. hxg3 Nh5
22. Kg2 Ng6 23. Rh1 Nxg3 24. Bxg3 fxg3 25. e5 Nh4+ 26. Rxh4 gxh4 27. e6 Qf6 28.
Rh1 Rf8 29. Qe3 c4 30. Bb1 Qe5 31. Be4 Qh5 32. Bb1 Bf6 33. Qe4 b5 34. Nxg3 Qh6
35. Nf5 Qg5+ 36. Kf2 Qd2+ 37. Ne2 Ra7 38. Rg1+ Kh8 39. Nxh4 Rg7 40. Ng6+ 1-0

[Event "Ostravsky konik 2010 MCR Open"]
[Site "Ostrava"]
[Date "2010.05.05"]
[Round "5.29"]
[White "Sikorová, Olga"]
[Black "Krajina, Aleš"]
[Result "1-0"]
[WhiteElo "2268"]
[BlackElo "2195"]
[PlyCount "101"]
[EventDate "2010.05.09"]
[EventType "swiss"]
[EventCountry "CZE"]

1. e4 e6 2. d4 d5 3. e5 c5 4. c3 Qb6 5. Nf3 Nc6 6. a3 Nh6 7. b4 cxd4 8. cxd4
Nf5 9. Be3 Bd7 10. Bd3 Rc8 11. O-O Be7 12. Ra2 Nxe3 13. fxe3 f5 14. exf6 Bxf6
15. Ng5 Ke7 16. Nxh7 e5 17. Nxf6 gxf6 18. Qf3 Nxd4 19. exd4 Qxd4+ 20. Qf2 Qxf2+
21. Raxf2 e4 22. Re1 f5 23. a4 a6 24. Bc2 Kd6 25. Rd2 Ke5 26. Red1 Be6 27. Bb3
Rhd8 28. Na3 d4 29. Bxe6 Kxe6 30. Rxd4 Rxd4 31. Rxd4 Rc3 32. Nc4 b5 33. axb5
axb5 34. Nd6 Rc1+ 35. Kf2 Ke5 36. Nxf5 Kxf5 37. Rd5+ Kf4 38. g3+ Kg4 39. Rxb5
Rc2+ 40. Ke3 Rxh2 41. Kxe4 Kxg3 42. Rb8 Rh4+ 43. Kd5 Kf4 44. Re8 Kf5 45. b5 Kf6
46. b6 Rb4 47. Kc6 Kf7 48. Rh8 Rc4+ 49. Kb5 Rc1 50. b7 Rb1+ 51. Kc6 1-0

[Event "Ostravsky konik 2010 MCR Open"]
[Site "Ostrava"]
[Date "2010.05.05"]
[Round "5.30"]
[White "Talla, Vladimír"]
[Black "Umanec, Filip"]
[Result "1-0"]
[WhiteElo "2505"]
[BlackElo "2226"]
[PlyCount "73"]
[EventDate "2010.05.09"]
[EventType "swiss"]
[EventCountry "CZE"]

1. e4 d6 2. d4 Nf6 3. Nc3 g6 4. f4 Bg7 5. Nf3 O-O 6. Bd3 Na6 7. O-O c5 8. d5
Bg4 9. Bc4 Nc7 10. h3 Bxf3 11. Qxf3 a6 12. a4 Nd7 13. a5 b5 14. axb6 Nxb6 15.
Be2 e6 16. Na4 Nxa4 17. Rxa4 exd5 18. exd5 Qb8 19. f5 Bxb2 20. Bh6 Bd4+ 21. Kh1
Qe8 22. Bxf8 Qxa4 23. Bxd6 Qd7 24. fxg6 hxg6 25. Bxc7 Qxc7 26. d6 Qa7 27. d7
Rf8 28. Qd5 Qa8 29. Qxa8 Rxa8 30. Bc4 a5 31. Rxf7 Rd8 32. g4 a4 33. Kg2 Kh8 34.
g5 Be5 35. h4 a3 36. Re7 Bc7 37. h5 1-0